[Event "Titled Tuesday intern op 16th Apr Early"]
[Site "Chess.com INT"]
[Date "2024.04.16"]
[Round "4"]
[White "Salemgareev, Tagir"]
[Black "Aakash, G2."]
[Result "1-0"]
[WhiteElo "2453"]
[BlackElo "2241"]
[PlyCount "69"]
[EventDate "2024.04.16"]
[EventType "swiss (blitz)"]
[EventRounds "11"]
[EventCountry "USA"]
[SourceTitle "CB17_2024"]
[SourceDate "2024.04.24"]
[SourceVersion "1"]
[SourceVersionDate "2024.04.24"]
[SourceQuality "1"]

1. e4 c5 2. Nf3 d6 3. d4 cxd4 4. Nxd4 Nf6 5. Nc3 a6 6. Be3 e5 7. Nb3 Be7 8. f3 0-0 9. Qd2 Be6 10. 0-0-0 Nbd7 11. g4 Rc8 12. Kb1 Nb6 13. g5 Nfd7 14. h4 Nc5 15. Nxc5 dxc5 16. Bh3 Qc7 17. Nd5 Bxd5 18. Bxc8 Bxa2+ 19. Kxa2 Qxc8 20. h5 Qe6+ 21. Kb1 Nc4 22. Qe2 Rc8 23. Bc1 b5 24. g6 h6 25. gxf7+ Qxf7 26. Rhg1 Rc6 27. Qg2 b4 28. Rd7 Nb6 29. Rb7 Re6 30. Be3 Nc4 31. Bxc5 Na5 32. Rc7 b3 33. Bxe7 Rxe7 34. Rc8+ Kh7 35. Qg6+ 1-0

[Event "RUS-ch Blitz"]
[Site "Sochi"]
[Date "2023.10.14"]
[Round "3"]
[White "Salemgareev, Tagir"]
[Black "Smirnov, Pavel"]
[Result "1-0"]
[WhiteElo "2453"]
[BlackElo "2538"]
[PlyCount "87"]
[EventDate "2023.10.14"]
[EventType "swiss (blitz)"]
[EventRounds "13"]
[EventCountry "RUS"]
[SourceTitle "Mega2024 Update 01"]
[Source "Chessbase"]
[SourceDate "2023.11.12"]
[SourceVersion "1"]
[SourceVersionDate "2023.11.12"]
[SourceQuality "1"]

1. d4 Nf6 2. Nf3 d5 3. c4 e6 4. g3 Be7 5. Bg2 0-0 6. 0-0 c6 7. Nc3 Nbd7 8. Qd3 b6 9. e4 Ba6 10. b3 dxc4 11. bxc4 e5 12. Ne2 Qc7 13. Qc2 Rfe8 14. Rd1 Rad8 15. Bb2 exd4 16. Bxd4 Bc5 17. e5 Bxd4 18. Nexd4 Nxe5 19. Nxe5 Qxe5 20. Nxc6 Rxd1+ 21. Rxd1 Qc5 22. Nxa7 h6 23. Nc6 Bxc4 24. h3 Re2 25. Rd8+ Ne8 26. Qxe2 Bxe2 27. Rxe8+ Kh7 28. Rxe2 Qc4 29. Bf3 Qc3 30. Kg2 g6 31. Ne5 Kg7 32. Bd5 f6 33. Nf3 Qc5 34. Bb3 h5 35. h4 Qc6 36. Re7+ Kh8 37. Re6 Qc3 38. Rxb6 Kg7 39. a4 Kf8 40. Rb4 g5 41. hxg5 fxg5 42. g4 h4 43. Rc4 Kg7 44. Bc2 1-0

[Event "Cheliabinsk Kurnosov Memorial Rapid"]
[Site "Cheliabinsk"]
[Date "2023.09.09"]
[Round "5"]
[White "Khismatullin, Denis Rimovich"]
[Black "Salemgareev, Tagir"]
[Result "1-0"]
[WhiteElo "2579"]
[BlackElo "2465"]
[PlyCount "135"]
[EventDate "2023.09.08"]
[EventType "swiss (rapid)"]
[EventRounds "11"]
[EventCountry "RUS"]
[SourceTitle "EXT 2024"]
[Source "ChessBase"]
[SourceDate "2023.10.10"]
[SourceVersion "1"]
[SourceVersionDate "2023.10.10"]
[SourceQuality "1"]

1. c4 e6 2. Nc3 d5 3. d4 Nf6 4. cxd5 exd5 5. Bg5 c6 6. e3 Be7 7. Bd3 0-0 8. Qc2 Re8 9. Nf3 h6 10. Bh4 Ne4 11. Bg3 Nxg3 12. hxg3 Nd7 13. Bh7+ Kh8 14. g4 Bf6 15. 0-0-0 Nb6 16. Bf5 Nc4 17. Rh5 Bxf5 18. Qxf5 Kg8 19. Qc2 Nd6 20. Rdh1 Kf8 21. Ne5 Bxe5 22. dxe5 Nc4 23. Qh7 Qb6 24. Nd1 Qa5 25. a3 Qd2+ 26. Kb1 Ke7 27. Qxg7 Qd3+ 28. Ka2 Nd2 29. Qf6+ Kd7 30. Qf5+ Qxf5 31. Rxf5 Ke7 32. Rxh6 Rg8 33. f3 a5 34. Rh7 Raf8 35. Rfh5 a4 36. Nc3 Nc4 37. e4 d4 38. Nxa4 b6 39. Rh1 Ra8 40. b3 b5 41. bxc4 Rxa4 42. cxb5 Rga8 43. bxc6 Rxa3+ 44. Kb2 Rc3 45. Rh8 Ra6 46. Rb8 Raxc6 47. Rb7+ Kf8 48. Rd1 Rc2+ 49. Kb1 Rxg2 50. Rxd4 Rh6 51. Rd1 Rf2 52. Rb3 Re6 53. Rc1 Rxe5 54. Rc2 Rf1+ 55. Kb2 Kg7 56. Rd2 Re6 57. Rd5 Kg6 58. Rc3 Rb6+ 59. Kc2 Rbb1 60. Rf5 Rbc1+ 61. Kb3 Rb1+ 62. Kc4 Rfd1 63. Rd5 Rf1 64. Kd4 Rbe1 65. Ke5 Kg5 66. Kd6+ Kg6 67. Ke7 Ra1 68. Rc6+ 1-0

[Event "Satka Autumn"]
[Site "Satka"]
[Date "2023.09.04"]
[Round "7"]
[White "Salemgareev, Tagir"]
[Black "Afanasiev, Nikita"]
[Result "1/2-1/2"]
[WhiteElo "2465"]
[BlackElo "2537"]
[PlyCount "82"]
[EventDate "2023.08.29"]
[EventType "swiss"]
[EventRounds "9"]
[EventCountry "RUS"]
[SourceTitle "EXT 2024"]
[Source "ChessBase"]
[SourceDate "2023.10.10"]
[SourceVersion "1"]
[SourceVersionDate "2023.10.10"]
[SourceQuality "1"]

1. e4 e5 2. Nf3 Nc6 3. Bb5 Nf6 4. 0-0 Nxe4 5. d4 Nd6 6. Bxc6 dxc6 7. dxe5 Nf5 8. Qxd8+ Kxd8 9. Rd1+ Ke8 10. Nc3 Ne7 11. h3 h6 12. Bf4 Ng6 13. Bh2 Bb4 14. Nd4 Bxc3 15. bxc3 Bd7 16. c4 Nf8 17. f4 c5 18. Nb5 Ne6 19. f5 Bxb5 20. cxb5 Nd4 21. f6 Rg8 22. a4 Rd8 23. Kh1 Nxc2 24. Rxd8+ Kxd8 25. Rc1 Nd4 26. Rxc5 Ne6 27. Rd5+ Ke8 28. fxg7 Rxg7 29. Rd3 b6 30. Kg1 Rg5 31. Kf2 h5 32. Rf3 Kf8 33. Bg3 Kg8 34. Re3 Rf5+ 35. Rf3 Rg5 36. Re3 Rf5+ 37. Rf3 Rg5 38. Re3 Rf5+ 39. Rf3 Rg5 40. Re3 Rf5+ 41. Rf3 Rg5 1/2-1/2

[Event "Ekaterinburg Rapid op"]
[Site "Ekaterinburg"]
[Date "2023.08.11"]
[Round "3"]
[White "Kozlov, Oleg"]
[Black "Salemgareev, Tagir"]
[Result "0-1"]
[WhiteElo "2279"]
[BlackElo "2465"]
[PlyCount "94"]
[EventDate "2023.08.11"]
[EventType "swiss (rapid)"]
[EventRounds "11"]
[EventCountry "RUS"]
[SourceTitle "CBM 215 Extra"]
[Source "ChessBase"]
[SourceDate "2023.09.30"]
[SourceVersion "1"]
[SourceVersionDate "2023.09.30"]
[SourceQuality "1"]

1. c4 e5 2. g3 Nc6 3. Bg2 g6 4. Nc3 Bg7 5. e3 d6 6. Nge2 f5 7. 0-0 Nf6 8. Rb1 0-0 9. d3 Ne7 10. b4 h6 11. a4 g5 12. Qc2 Ng6 13. f4 gxf4 14. exf4 h5 15. Nd5 h4 16. Nxf6+ Qxf6 17. b5 Rb8 18. fxe5 dxe5 19. Nc3 hxg3 20. hxg3 Qb6+ 21. Rf2 Be6 22. Nd5 Qd6 23. Bd2 Qd7 24. Re1 c6 25. Nb4 Rbc8 26. bxc6 bxc6 27. Be3 f4 28. gxf4 Nxf4 29. Bxf4 exf4 30. Rf3 Bd4+ 31. Kf1 Bg4 32. Re4 Rce8 33. Qe2 Bxf3 34. Qxf3 Rxe4 35. Qxe4 f3 36. Bxf3 Qh3+ 37. Ke2 Qh2+ 38. Kd1 Bc3 39. Be2 Bxb4 40. d4 Qh7 41. Qxh7+ Kxh7 42. Kc2 Rd8 43. Kb3 a5 44. Bf3 Rxd4 45. Bxc6 Kg7 46. Bd5 Rxd5 47. cxd5 Kf6 0-1

[Event "Ekaterinburg Rapid op"]
[Site "Ekaterinburg"]
[Date "2023.08.11"]
[Round "6"]
[White "Salemgareev, Tagir"]
[Black "Khismatullin, Denis Rimovich"]
[Result "1/2-1/2"]
[WhiteElo "2465"]
[BlackElo "2579"]
[PlyCount "45"]
[EventDate "2023.08.11"]
[EventType "swiss (rapid)"]
[EventRounds "11"]
[EventCountry "RUS"]
[SourceTitle "CBM 215 Extra"]
[Source "ChessBase"]
[SourceDate "2023.09.30"]
[SourceVersion "1"]
[SourceVersionDate "2023.09.30"]
[SourceQuality "1"]

1. d4 d5 2. c4 dxc4 3. e3 Nf6 4. Bxc4 e6 5. Nf3 a6 6. 0-0 Nbd7 7. b3 c5 8. Bb2 cxd4 9. Nxd4 b5 10. Be2 Bb7 11. Nd2 Be7 12. a4 bxa4 13. Rxa4 Nc5 14. Ra1 0-0 15. Nc4 Bd5 16. Bf3 Nce4 17. Qe2 Qb8 18. Rfc1 Rc8 19. Na5 Qb6 20. Nc4 Qb7 21. Na5 Qb6 22. Nc4 Qb7 23. Na5 1/2-1/2

[Event "Titled Tuesday intern op 08th Aug Late"]
[Site "Chess.com INT"]
[Date "2023.08.08"]
[Round "1"]
[White "Gurevich, Dmitry"]
[Black "Salemgareev, Tagir"]
[Result "1-0"]
[WhiteElo "2371"]
[BlackElo "2465"]
[PlyCount "89"]
[EventDate "2023.08.08"]
[EventType "swiss (blitz)"]
[EventRounds "11"]
[EventCountry "USA"]
[SourceTitle "EXT 2024"]
[Source "ChessBase"]
[SourceDate "2023.10.10"]
[SourceVersion "1"]
[SourceVersionDate "2023.10.10"]
[SourceQuality "1"]

1. d4 Nf6 2. Nf3 e6 3. c4 b6 4. g3 Ba6 5. b3 Bb4+ 6. Bd2 Be7 7. Bg2 c6 8. Bc3 d5 9. Nbd2 0-0 10. Qc2 Nbd7 11. e4 Rc8 12. e5 Ne8 13. 0-0 Nc7 14. Rfd1 c5 15. Qb2 dxc4 16. Nxc4 Nd5 17. a4 cxd4 18. Nxd4 Bxc4 19. bxc4 Rxc4 20. Nb5 Nxc3 21. Nxc3 Qc8 22. Nb5 a6 23. Nd6 Bxd6 24. Rxd6 Rc2 25. Qd4 Rc4 26. Qe3 Nc5 27. Rxb6 Nxa4 28. Rd6 a5 29. h4 Nb2 30. Rxa5 Rc1+ 31. Kh2 Rc2 32. Qd4 Nc4 33. Rc5 Nxd6 34. Rxc8 Nxc8 35. Be4 Rc7 36. Bb1 Ne7 37. Qe4 g6 38. h5 Rb8 39. g4 Rcb7 40. Bd3 Rb4 41. Qf3 Nd5 42. Be4 Rb3 43. Qd1 Nf4 44. Qd2 g5 45. h6 1-0

[Event "Moscow op-A 19th"]
[Site "Moscow"]
[Date "2023.07.23"]
[Round "9"]
[White "Salemgareev, Tagir"]
[Black "Doncev, Alexandr"]
[Result "1-0"]
[WhiteElo "2463"]
[BlackElo "2282"]
[PlyCount "111"]
[EventDate "2023.07.17"]
[EventType "swiss"]
[EventRounds "9"]
[EventCountry "RUS"]
[SourceTitle "CBM 215 Extra"]
[Source "ChessBase"]
[SourceDate "2023.09.30"]
[SourceVersion "1"]
[SourceVersionDate "2023.09.30"]
[SourceQuality "1"]

1. d4 Nf6 2. Nf3 d5 3. c4 e6 4. Nc3 c6 5. Bg5 dxc4 6. a4 b5 7. axb5 cxb5 8. Nxb5 Qb6 9. Na3 Ba6 10. Rc1 Nbd7 11. Nxc4 Bxc4 12. Rxc4 Qxb2 13. Bc1 Bb4+ 14. Nd2 Qb1 15. f3 0-0 16. Kf2 Bxd2 17. Qxd2 Nb6 18. Rb4 Qf5 19. Kg1 Rfc8 20. e4 Qa5 21. Rb1 Qxd2 22. Bxd2 Rc2 23. Be1 Rd8 24. Bd3 Ra2 25. Bf2 h5 26. h4 Rc8 27. Rh3 Rc3 28. Bf1 Rcc2 29. Be1 Ra4 30. Bd3 Rc8 31. Bf2 Ra3 32. Bf1 Rc2 33. Rg3 Raa2 34. Be1 g6 35. Rg5 Ra4 36. Rc5 Rca2 37. Bc3 R4a3 38. Bb4 Ra1 39. Bxa3 Rxb1 40. Rc7 a5 41. Ra7 Nc4 42. Be7 Kg7 43. Kf2 Rb2+ 44. Be2 Ra2 45. Rc7 Na3 46. Rb7 Nc4 47. Rc7 Na3 48. Rb7 Nc4 49. Bc5 a4 50. Ra7 Kg8 51. d5 e5 52. d6 Rd2 53. Ke1 Rc2 54. d7 Nxd7 55. Rxd7 a3 56. Bxc4 1-0

[Event "Moscow op-A 19th"]
[Site "Moscow"]
[Date "2023.07.20"]
[Round "5"]
[White "Talibov, Shiroghlan"]
[Black "Salemgareev, Tagir"]
[Result "1/2-1/2"]
[WhiteElo "2348"]
[BlackElo "2463"]
[PlyCount "67"]
[EventDate "2023.07.17"]
[EventType "swiss"]
[EventRounds "9"]
[EventCountry "RUS"]
[SourceTitle "CBM 215 Extra"]
[Source "ChessBase"]
[SourceDate "2023.09.30"]
[SourceVersion "1"]
[SourceVersionDate "2023.09.30"]
[SourceQuality "1"]

1. d4 Nf6 2. c4 e6 3. Nf3 d5 4. Nc3 Bb4 5. Qa4+ Nc6 6. e3 0-0 7. Bd2 Bd6 8. Qc2 dxc4 9. Bxc4 a6 10. a3 e5 11. dxe5 Nxe5 12. Nxe5 Bxe5 13. f4 Bxc3 14. Bxc3 Ng4 15. Bd4 c5 16. Bxc5 Re8 17. 0-0 Nxe3 18. Bxe3 Rxe3 19. Qf2 Re8 20. Rfe1 Be6 21. Bxe6 Rxe6 22. Rxe6 fxe6 23. Re1 Qd5 24. Qe3 Kf7 25. h3 Rc8 26. Re2 Qc5 27. Kf2 Kf6 28. Rd2 Qxe3+ 29. Kxe3 b5 30. Kf3 h5 31. Ke3 Rc6 32. Kf3 Rc8 33. Ke3 Rc6 34. Kf3 1/2-1/2

[Event "Titled Tuesday intern op 04th Apr Early"]
[Site "Chess.com INT"]
[Date "2023.04.04"]
[Round "11"]
[White "Salemgareev, Tagir"]
[Black "Kollars, Dmitrij"]
[Result "0-1"]
[WhiteElo "2463"]
[BlackElo "2607"]
[PlyCount "44"]
[EventDate "2023.04.04"]
[EventType "swiss (blitz)"]
[EventRounds "11"]
[EventCountry "USA"]
[SourceTitle "EXT 2024"]
[Source "ChessBase"]
[SourceDate "2023.10.10"]
[SourceVersion "1"]
[SourceVersionDate "2023.10.10"]
[SourceQuality "1"]

1. d4 Nf6 2. c4 e6 3. Nf3 d5 4. g3 Bb4+ 5. Bd2 a5 6. Bg2 0-0 7. 0-0 dxc4 8. a3 Bxd2 9. Nbxd2 b5 10. a4 c6 11. Qc2 Na6 12. b3 Nb4 13. Qc1 cxb3 14. Nxb3 bxa4 15. Rxa4 Ba6 16. Rxa5 Bxe2 17. Rxa8 Qxa8 18. Re1 Bxf3 19. Bxf3 Nd3 20. Qe3 Nxe1 21. Qxe1 Qa3 22. Na5 Qxf3 0-1

[Event "Titled Tuesday intern op 28th Mar Early"]
[Site "Chess.com INT"]
[Date "2023.03.28"]
[Round "8"]
[White "Salemgareev, Tagir"]
[Black "Jeet, Jain"]
[Result "1-0"]
[WhiteElo "2464"]
[BlackElo "2246"]
[PlyCount "131"]
[EventDate "2023.03.28"]
[EventType "swiss (blitz)"]
[EventRounds "11"]
[EventCountry "USA"]
[SourceTitle "EXT 2024"]
[Source "ChessBase"]
[SourceDate "2023.10.10"]
[SourceVersion "1"]
[SourceVersionDate "2023.10.10"]
[SourceQuality "1"]

1. Nf3 Nf6 2. g3 b6 3. Bg2 Bb7 4. 0-0 g6 5. d4 Bg7 6. c4 e6 7. Nc3 0-0 8. Qc2 d5 9. cxd5 exd5 10. Bf4 c6 11. b4 Re8 12. Rfd1 Ne4 13. Nxe4 dxe4 14. Ne5 Qe7 15. a3 f6 16. Nc4 g5 17. Bxb8 Raxb8 18. Ne3 Qe6 19. Qc4 Qxc4 20. Nxc4 Ba6 21. Rac1 Re6 22. Bh3 Re7 23. e3 Rd8 24. Nd2 Bb7 25. Bf5 Rde8 26. Rc2 Bf8 27. Rdc1 Kg7 28. g4 h6 29. Rxc6 Bxc6 30. Rxc6 Kf7 31. Kg2 Kg7 32. b5 Rf7 33. a4 Rfe7 34. Nc4 Rf7 35. Nd2 Rfe7 36. Kg3 Kf7 37. h4 gxh4+ 38. Kxh4 Kg7 39. Nf1 Rb7 40. Ng3 Rbe7 41. Nh5+ Kh8 42. Nxf6 Ra8 43. Nxe4 Rb7 44. d5 a6 45. d6 axb5 46. axb5 Rd8 47. d7 Kg7 48. Kg3 Be7 49. Kf3 Bf8 50. Nd6 Bxd6 51. Rxd6 Kf7 52. Rxh6 Ke7 53. Rc6 Kf7 54. g5 Ke7 55. Kg4 Ra7 56. f4 Ra3 57. e4 Ra1 58. Be6 Rg1+ 59. Kf5 Rf8+ 60. Ke5 Rb1 61. Rxb6 Rd8 62. f5 Rc1 63. f6+ Kf8 64. g6 Rc5+ 65. Kf4 Rg5 66. Kxg5 1-0